000 00479nam a22001457a 4500
082 _a620.005
100 _aBashir, Nasir
245 _aJob Shop Scheduling of Aero Structures in Public Sector Organization /
_cNasir Bashir
260 _aIslamabad :
_bCEME - NUST,
_c2013.
300 _a46 p. ;
_c30cm.
650 _aengineering Management-MS-Thesis
_916065
700 _aDr. Akhtar Nawaz Malik
_916099
942 _2ddc
_cTHE
999 _c536455
_d536455